LEADER 02123nam a2200421 u 4500 001 000000041394 003 CaOOAMICUS 005 20070226114217.0 008 990201r19941702fr u000 u fre u 020 $a2711605213 035 $a10812868 040 $aPUL(R)$bita 100 1 $aMalebranche, Nicolas,$cC.Or.,$d1638-1715.$0(OLS)http://pul/name/14867 245 10$aConversations chrétiennes dans lesquelles on justifie la vérité de la religion et de la morale de Jésus-Christ /$cMalebranche ; publié par André Robinet. 246 36$aOeuvres de Malebranche :$ntome IV 250 $a3e éd. 260 $aParis :$bLibrairie philosophique J. Vrin,$c1994. 300 $axxiii, 255 p. ;$c22 cm 490 1 $aBibliothèque des textes philosophiques 490 1 $aOeuvres complètes de Malebranche ;$v4 500 $a"Ouvrage publié en coédition avec le Centre National de la Recherche Scientifique". 500 $aContiene indice" : p. [247]-255. 500 $aContiene appendici. 504 $aBibliografia in nota. 650 4$aCristianesimo.$0(OLS)http://pul/subject/787 650 4$aPsicologia e religione.$0(OLS)http://pul/subject/7134 700 1 $aRobinet, André,$d1922-$0(OLS)http://pul/name/30486 710 2 $aCentre national de la recherche scientifique (Francia).$0(OLS)http://pul/name/720 830 0$aBibliothèque des textes philosophiques.$0(OLS)http://pul/title/6498 830 0$aOeuvres complètes de Malebranche ;$v4.$0(OLS)http://pul/title/55876 850 $aPUL 852 $aPUL$W1$xSL Filosofia 2$y80$mPhil D3 15.4$j56104$nBK-PRI$b $qStampati altre collocazioni$B56104$CPULBib$Z2$F56104 $H $81 941 1 $a10 961 $aINV: 78224 996 $6020$a2711605213$9(OLS)http://pul/number/51661 996 $6245$aConversations chrétiennes dans lesquelles on justifie la vérité de la religion et de la morale de Jésus-Christ$9(OLS)http://pul/title/55886 996 $6246$aOeuvres de Malebranche :$ntome IV$9(OLS)http://pul/title/55887 996 $6260$aParis :$bLibrairie philosophique J. Vrin$9(OLS)http://pul/publisher/47887 LEADER 02066nam a2200433 u 4500 001 000000073458 003 CaOOAMICUS 005 20070226122343.0 008 020709s1999 it u000 u ita u 035 $a10936133 040 $aPUL$bita 100 1 $aManzi, Franco.$0(OLS)http://pul/name/24483 245 14$aLa "forma" obbedienziale del servizio di Gesù Cristo e di Maria :$bconfronto esegetico-teologico di Fil 2,7 con Lc 1,48 /$cFranco Manzi. 260 $aRoma :$b[s.n.],$c1999. 300 $a213 p. ;$c24 cm 490 1 $aDissertationes ad lauream in Pontificia Facultate theologica "Marianum" ;$v79 500 $aIn calce al front.: Estratto dalla Tesi di Laurea in Sacra Teologia con specializzazione in Mariologia. 500 $aComprende indice. 502 $aDiss. -- Roma, Pontificia Facoltà teologica Marianum, 1999. 504 $aBibliografia: p. 93-197. 600 04$aMaria Virgo,$cs.$0(OLS)http://pul/subject/500 600 04$aIesus Christus.$0(OLS)http://pul/subject/207 630 04$aBiblia$pN.T.$pLucas$nI, 48.$0(OLS)http://pul/subject/37908 630 04$aBiblia.$pN.T.$pAd Philippenses.$nII, 7.$0(OLS)http://pul/subject/25741 650 4$aObbedienza.$0(OLS)http://pul/subject/19955 710 2 $aPontificia Facoltà teologica "Marianum".$0(OLS)http://pul/name/66 830 0$aDissertationes ad lauream in Pontificia Facultate theologica "Marianum" ;$v79.$0(OLS)http://pul/title/24531 850 $aPUL 852 $aPUL$W1$xDP1 Tesi Pon. Fac. Marianum$y38$mTH MAR 85$j94922$nBK-PRI$b $qTesi$B94922$CPULBib$Z2$F94922 $H $81 910 $aMarianum$966 941 1 $a16 960 $aMariologia$9500 960 $aMariologia$9500 960 $aCristologia$9207 960 $aCristologia$9207 960 $aGesù Cristo$9207 961 $aINV: 84361 996 $6245$aLa "forma" obbedienziale del servizio di Gesù Cristo e di Maria :$bconfronto esegetico-teologico di Fil 2,7 con Lc 1,48$9(OLS)http://pul/title/96517 996 $6260$aRoma :$b[s.n.]$9(OLS)http://pul/publisher/47958